000 00378nam a2200181Ia 4500
003 0STCL
008 150530s9999 xx 000 0 und d
040 _aSTCL
_cSTCL
100 _aPanikkar, K.M.
245 _aPunarkottu Swaroopam
250 _a2
260 _c1955
300 _a0
546 _aMalayalam
942 _2ddc
_cBK
999 _c73720
_d73720
005 20220125171536.0